| 000 | 00897cam a2200277 4500 | ||
|---|---|---|---|
| 008 | 090401t1991 xxu||||| |||| 00| 0 eng d | ||
| 020 | _a0102037922 | ||
| 035 | _a(Sirsi) u57638 | ||
| 041 | _aeng | ||
| 050 | _a690.241 | ||
| 110 |
_aUnited Kingdom _bNational Audit Office _91350 |
||
| 245 | _aReport by the Comptroller and Auditor General: upkeep of historic buildings on the civil estate. Ordered by the House of Commons to be printed 13 November 1991. | ||
| 260 |
_aLondon _bHMSO _c1991 |
||
| 300 | _a42p. : ill. ; 30cm. | ||
| 350 | _a7.5 | ||
| 490 |
_aHCP _v37 |
||
| 650 | _aGOVERNMENT BUILDINGS | ||
| 650 | _aHISTORIC BUILDINGS | ||
| 650 | _aHM CUSTOMS AND EXCISE | ||
| 650 | _aLORD CHANCELLORS DEPARTMENT | ||
| 650 | _aBUILT ENVIRONMENT-BUILDING MAINTENANCE AND REFURBISHMENT | ||
| 650 | _aPROPERTY HOLDINGS | ||
| 690 | _aCONSERVATION | ||
| 942 | _n0 | ||
| 948 | _c04/03/1997 | ||
| 999 |
_c93953 _d93953 |
||